|
|
|
|
| LEADER |
00000cam a2200000 a 4500 |
| 001 |
vtls010186054 |
| 003 |
SK-MaSNL |
| 005 |
20260301084055.0 |
| 008 |
240313s2010 xo odl f 001 0 eng |
| 015 |
|
|
|a SNBA2011/01-00336
|
| 020 |
|
|
|a 9788022411387
|q (viaz.)
|
| 035 |
|
|
|a 67CC7239-A6E1-472E-ABC6-0B17A20CC464
|
| 035 |
|
|
|a urn:nbn:sk:snk-am3h591
|
| 035 |
|
|
|a urn:nbn:sk:snk-am00co4x
|
| 040 |
|
|
|a SNK
|b slo
|c SNK
|e AACR2
|
| 041 |
1 |
|
|a eng
|h slo
|b rus
|b slo
|
| 044 |
|
|
|a xo
|c SK
|
| 072 |
|
7 |
|a 658
|x Riadenie a správa podnikov
|2 konspekt
|
| 072 |
|
7 |
|a 005
|x Manažment. Riadenie
|2 konspekt
|
| 080 |
|
|
|a 658.114
|2 2001
|
| 080 |
|
|
|a 005.21
|2 2001
|
| 080 |
|
|
|a 005.72
|2 2001
|
| 080 |
|
|
|a 338
|2 2001
|
| 080 |
|
|
|a (048.8)
|2 2001
|
| 100 |
1 |
|
|a Kassay, Štefan,
|d 1941-
|4 aut
|9 88589
|
| 245 |
1 |
0 |
|a Enterprise and entrepreneurship
|b changes in ownership structure in a period of economic transformation
|n Volume 1
|p Entrepreneurial environment
|c Štefan Kassay ; [editor Emil Borčin ; translation Roger Heyes, Július Paur, Magdaléna Paurová]
|
| 246 |
3 |
0 |
|a Entrepreneurial environment
|
| 250 |
|
|
|a [1st ed.]
|
| 260 |
|
|
|a Bratislava
|b Veda
|c 2010
|
| 300 |
|
|
|a 659 s.
|b fotogr., grafy, sch.
|c 29 cm
|e 1 plagát v obale
|
| 500 |
|
|
|a Príloha má názov: Poster for volume one
|
| 504 |
|
|
|a Bibliogr. odkazy. Reg.
|
| 546 |
|
|
|a Res. rus a slov.
|
| 650 |
0 |
7 |
|a podnikanie
|2 SNKPH
|9 1757
|
| 650 |
0 |
7 |
|a podnikový manažment
|2 SNKPH
|9 3483
|
| 650 |
0 |
7 |
|a ekonomická transformácia
|2 SNKPH
|9 4367
|
| 650 |
0 |
7 |
|a Business
|2 SNKPH
|9 268171
|
| 650 |
0 |
7 |
|a Industrial management
|2 SNKPHeng
|9 265455
|
| 650 |
0 |
7 |
|a strategický manažment
|2 SNKPH
|9 3637
|
| 650 |
0 |
7 |
|a Strategic planning
|2 SNKPHeng
|9 290308
|
| 650 |
0 |
7 |
|a Economic transformation
|2 SNKPHeng
|9 305819
|
| 655 |
|
7 |
|a monografie
|2 SNKPH
|9 70139
|
| 655 |
|
7 |
|a Monographs
|2 SNKPHeng
|9 120675
|
| 700 |
1 |
|
|a Borčin, Emil,
|d 1946-
|4 edt
|9 222311
|
| 700 |
1 |
|
|a Heyes, Roger
|4 trl
|9 411907
|
| 700 |
1 |
|
|a Paur, Július
|4 trl
|9 288456
|
| 700 |
1 |
|
|a Paurová, Magdaléna
|4 trl
|9 370455
|
| 852 |
|
|
|a Štátna vedecká knižnica v Banskej Bystrici
|
| 919 |
|
|
|a 978-80-224-1138-7
|
| 958 |
|
|
|a NB
|
| 958 |
|
|
|a OP
|
| 968 |
|
|
|a Eng
|b SLO
|d 65
|
| 999 |
|
|
|c 662432
|d 664362
|
| 952 |
|
|
|a SNK
|b SNK
|y PREZ
|7 0
|p 17A0678412
|o snkSB 80373/1
|i snk2010/24814
|8 0
|3 Príloha: 1 plagát v obale
|0 0
|1 0
|4 0
|d 2010-11-10
|f 1
|l 0
|r 2025-05-05 00:00:00
|w 2026-02-23
|
| 952 |
|
|
|a SNK
|b SNK
|y PREZ
|7 0
|p 17A0681133
|o snkSB 80373/1/príl.
|i snk2010/24814
|8 0
|3 Príloha: 1 plagát v obale
|z Príloha
|0 0
|1 0
|4 0
|d 2010-11-10
|l 0
|r 2025-05-05 00:00:00
|w 2026-02-23
|
| 952 |
|
|
|a SNK
|b SNK
|y VYP
|7 0
|p 17A0678410
|o snkSB 80373/1 D1
|i snk2010/24817
|8 0
|3 Príloha: 1 plagát v obale
|0 0
|1 0
|4 0
|d 2010-11-10
|l 0
|r 2016-06-30 00:00:00
|w 2026-02-23
|
| 952 |
|
|
|a SNK
|b SNK
|y VYP
|7 0
|p 17A0678418
|o snkSB 80373/1/príl. D1
|i snk2010/24817
|8 0
|3 Príloha: 1 plagát v obale
|z Príloha
|0 0
|1 0
|4 0
|d 2010-11-10
|l 0
|r 2016-06-30 00:00:00
|w 2026-02-23
|